000 00232nam a2200097Ia 4500
001 734389
005 20250826163832.0
008 250824s9999 xx 000 0 und d
245 0 _aDÜŞ YOLCUSU -1
_cEMİN ERSÖZ
260 _bYEDİVEREN
999 _c734389
_d734389